[Event "Alushta3"]
[Site "Alushta"]
[Date "1993.??.??"]
[Round "?"]
[White "Tregubov, Pavel V"]
[Black "Kuzmin, Gennadi P"]
[Result "1/2-1/2"]
[WhiteElo "2475"]
[BlackElo "2500"]
[Annotator "Ribli,Z"]
[PlyCount "65"]
[EventDate "1993.08.??"]
[EventType "tourn"]
[EventRounds "11"]
[EventCountry "UKR"]
[EventCategory "9"]
[SourceTitle "CBM 038"]
[Source "ChessBase"]
[SourceDate "1994.02.01"]
[SourceVersion "1"]
[SourceVersionDate "1994.02.01"]
[SourceQuality "1"]

1. d4 Nf6 2. c4 e6 3. g3 c5 4. Nf3 cxd4 5. Nxd4 Nc6 6. Bg2 Bc5 7. Nb3 Be7 8.
Nc3 O-O 9. Bf4 $5 (9. O-O $1 d6 10. Bf4 a6 (10... Ng4 11. e4 $14 {Nikolic,
Pr-Van der Wiel,J/Tilburg/1992/INF56,(43)/}) 11. Rc1 $14 {Nikolic,Pr-Gostisa,L/
Bled/1991/CBM24/}) 9... d5 10. cxd5 Nxd5 11. Nxd5 exd5 12. O-O (12. Qxd5 Bb4+ (
12... Qxd5 13. Bxd5 Nb4 14. Be4 f5 15. Bb1 $14) (12... Bf6 $5) 13. Bd2 Bxd2+
14. Qxd2 Qxd2+ 15. Nxd2 Nd4 16. Rc1 $14) 12... Bf6 13. Qxd5 Bxb2 14. Rab1 Ba3
15. Qb5 (15. Qh5 $5) 15... Qb6 16. Qa4 (16. Qh5 $5 $36) 16... Qb4 17. Qxb4 Bxb4
18. Na1 (18. Nc1 $5 Ba5 19. Nd3 Bb6 20. Bd6 Rd8 21. Bc5 $14) 18... Ba5 19. Nc2
Bb6 20. Ne3 Re8 21. Rb2 (21. Nd5 $6 Rxe2 22. Rxb6 axb6 23. Nxb6 Rexa2 $15)
21... Be6 22. Nd5 Bxd5 23. Bxd5 Rad8 24. e4 h6 25. Rc1 Re7 26. h4 Red7 27. Rd1
Kf8 28. g4 Ne7 29. Rbd2 Ng6 30. Bg3 Bc7 31. Kg2 Bxg3 32. Kxg3 Ne7 33. Kf4
1/2-1/2

[Event "Madrid"]
[Site "Madrid"]
[Date "1993.??.??"]
[Round "8"]
[White "Lautier, Joel"]
[Black "Izeta Txabarri, Felix"]
[Result "1/2-1/2"]
[WhiteElo "2645"]
[BlackElo "2505"]
[Annotator "Ribli,Z"]
[PlyCount "71"]
[EventDate "1993.06.??"]
[EventType "tourn"]
[EventRounds "9"]
[EventCountry "ESP"]
[EventCategory "14"]
[SourceTitle "CBM 036"]
[Source "ChessBase"]
[SourceDate "1993.10.01"]
[SourceVersion "1"]
[SourceVersionDate "1993.10.01"]
[SourceQuality "1"]

1. c4 Nf6 2. Nc3 c5 3. Nf3 Nc6 4. d4 cxd4 5. Nxd4 e6 6. g3 Qb6 7. Ndb5 Bc5 (
7... Ne5 $5) 8. Bg2 (8. Nd6+ {Ryskin,A-Savon,V/Nikolaev zt/1993/CBM35/}) 8...
a6 (8... Bxf2+ $2 9. Kf1 Ng4 10. Qd6 $16 {Lipinski-Schinzel/Poland/1978/}) 9.
Nd6+ Ke7 10. Nde4 Nxe4 11. Nxe4 Bb4+ 12. Bd2 Bxd2+ (12... d5 13. cxd5 exd5 14.
Nc3 Bxc3 15. bxc3 $14) 13. Qxd2 Qb4 14. Rd1 (14. c5 f5 15. a3 $1 $14) 14...
Qxd2+ 15. Rxd2 b5 16. c5 a5 17. O-O Ba6 18. f4 Ra7 19. Nd6 Rc7 20. e4 $14 a4 $5
21. e5 Na5 22. f5 $6 (22. Rfd1 $5 Rxc5 23. Nxf7 Kxf7 24. Rxd7+ Kg6 25. Ra7 $16)
22... f6 $1 (22... Nc4 23. f6+ gxf6 24. exf6+ Kf8 25. Nxc4 bxc4 26. Rd6 $16) (
22... Rxc5 23. fxe6 Kxe6 24. Bh3+ $18) 23. fxe6 dxe6 24. exf6+ gxf6 25. Bh3 Nc4
(25... Rxc5 26. Ne4 $1 $16) 26. Re2 (26. Nxc4 bxc4 27. Rd6 Bc8 $15) 26... Ne5
$1 27. Ne4 b4 28. Rxf6 Nf3+ $1 29. Kf2 Ng5 (29... Bxe2 $5) 30. Nxg5 Kxf6 31.
Nxe6 Bxe2 32. Nxc7 Bc4 33. b3 axb3 34. axb3 Bxb3 35. Na6 Be6 36. Bxe6 1/2-1/2

[Event "CUB-ch"]
[Site "Las Tunas"]
[Date "2001.04.16"]
[Round "14"]
[White "Bruzon Batista, Lazaro"]
[Black "Herrera, Irisberto"]
[Result "1-0"]
[WhiteElo "2584"]
[BlackElo "2432"]
[Annotator "Ribli,Z"]
[PlyCount "185"]
[EventDate "2001.04.01"]
[EventType "tourn"]
[EventRounds "16"]
[EventCountry "CUB"]
[EventCategory "9"]
[SourceTitle "CBM 083"]
[Source "ChessBase"]
[SourceDate "2001.07.05"]
[SourceVersion "1"]
[SourceVersionDate "2001.07.05"]
[SourceQuality "1"]

1. Nf3 c5 2. c4 Nc6 3. d4 {So kann Weiß die Varianten 3.Nc3 e5 oder 3.Nc3 Nd4
umgehen.} cxd4 4. Nxd4 Nf6 5. Nc3 e6 6. g3 {Das ist die aussichtsreichste
Fortsetzung für Weiß - aber auch die Alternativen (6.Ndb5, 6.Bf4, 6.Bg5 und 6.
a3) sind spielbar.} Qb6 7. Ndb5 (7. Nb3) 7... Ne5 (7... Bc5 $6 {Dieser Zug
sieht auf den ersten Blick logisch aus, in Wirklichkeit aber hängt der Pf2 gar
nicht.} 8. Bg2 a6 (8... Bxf2+ 9. Kf1 Ng4 10. Qd6 Kd8 11. Bg5+ f6 12. Na4 Qa6
13. h3 Qxa4 14. hxg4 Bxg3 15. Bxf6+ gxf6 16. Qxg3 $16) 9. Nd6+ Ke7 10. Nde4
Nxe4 11. Nxe4 Bb4+ 12. Kf1 $1 d6 13. Be3 Qd8 14. Qc2 $16 {[%csl Rb4,Re7][%cal
Ga1d1,Gd1d8]}) 8. Bg2 a6 9. Qa4 Rb8 {Das ist eine logische Fortsetzung, es
kommen aber auch ein paar Alternativen in Betracht.} (9... Bc5) (9... Neg4) 10.
Be3 Bc5 (10... axb5 11. Bxb6 bxa4 12. Bc7) 11. Bxc5 Qxc5 12. Qa3 b6 {Dieser
Zug ist logischer als der Damentausch auf a3. Anschließend muss Weiß die Damen
tauschen und dabei die schwarze Zentrumsstellung stärken.} 13. Nd6+ Ke7 14.
Qxc5 bxc5 15. Nxc8+ Rhxc8 16. b3 {Nach einigen forcierten Zügen haben wir eine
bekannte theoretische Stellung vor uns, in der Weiß B gegen N hat. Die
schwarze Stellung ist jedoch solide.} d6 {Dieser Zug gefällt mir nicht, er ist
etwas zu passiv. In der Folge bekommt Weiß freie Hand am Königsflügel.} (16...
g5 $5 {Mit diesem logischem Zug stützt Schwarz seinen Springerposten auf e5.}
17. h3 (17. O-O-O h5 18. h4 gxh4 19. Rxh4 Ng6 20. Rhh1 Rh8 21. Be4 Ng4 22. Bxg6
fxg6 23. Ne4 Rbc8 24. f3 Ne5 25. Rd6 g5 {1/2-1/2 Duncan,C-Emms,J/Gausdal 1996 
(25)}) (17. Rd1 h5 18. h3 g4 19. hxg4 hxg4 20. Kd2 Rh8 {1/2-1/2 Holst,A-Emms,J/
Copenhagen 1994/EXT 99 (94)}) 17... h5 18. O-O-O (18. f4 gxf4 19. gxf4 Ng6 $11
{1/2-1/2 Agrest,E-Emms,J/Harplinge 1998/CBM 67/[Ribli] (59)}) 18... d6 19. Rd2
Rd8 20. Rhd1 Rd7 21. Bh1 g4 22. h4 Rbd8 {1/2-1/2 Agrest,E-Wedberg,T/Sweden
1999/CBM 73 ext (34)}) (16... d5 17. cxd5 c4 18. b4 Rxb4 19. dxe6 fxe6 20. h3
Rd8 $6 (20... Ned7 $11) 21. Rd1 $14 {1-0 Ehlvest,J-Rytshagov,M/Jyvaskyla 1997 
(35)}) 17. f4 Ned7 18. Bf3 {[%cal Gg3g4][%mdl 32] Weiß möchte 19.g4 ziehen mit
großem Raumvorteil am Königsflügel spielen. Er zieht natürlich nicht e2-e4,
wonach sein Läufer eingeschlossen wäre.} h5 (18... h6 19. g4 g5 20. e3 $14) 19.
h3 g6 20. Kf2 Nb6 {Schwarz möchte eventuell d6-d5 oder a5-a4 ziehen.} 21. Rad1
{[%cal Gd1d6]} Rd8 (21... a5 $5 $132) 22. g4 Rg8 (22... hxg4 23. hxg4 Rh8 24.
g5 $14) 23. g5 Ne8 24. Rd3 {Weiß hat zwar spürbar Raumvorteil, aber keine
konkreten Drohungen. Andererseits verfügt Schwarz über kein Gegenspiel, er
kann nur abwarten. Insofern besitzt Weiß einen kleinen, aber dauerhaften
Vorteil.} Ng7 25. Rhd1 Rgd8 26. e3 Nf5 {[%csl Gf5] Der Springer steht gut auf
f5 und provoziert den Zug e3-e4 - was wegen der Schwächung des Feldes d4 ein
Fehler wäre.} 27. Be4 {Weiß möchte den stolzen Nf5 abtauschen. Es ist aber
fraglich, ob Weiß danach noch etwas erreichen kann.} Ng7 28. Ke2 {[%cal Ge2d2,
Gd2c2] Weiß möchte seine Königsstellung verbessern - der König strebt nach c2.}
Ne8 29. Bf3 Ng7 30. R1d2 Nf5 31. Be4 Ng7 32. Kd1 {Langsam nähert sich der
König seinem Ziel c2..} Ne8 33. Bc6 {Droht 34.Bxe8.} Ng7 34. Be4 Ne8 35. Bc6
Ng7 36. a4 $5 {Weiß will sich nicht mit Zugwiederholung zufrieden geben - er
möchte mit a4-a5 am Damenflügel Raum gewinnen.} Nc8 (36... a5 37. Nb5 Nc8 $14)
37. Kc2 Na7 38. Be4 Nf5 39. Rd1 (39. Bxf5 gxf5 $11) 39... Ng3 40. Bf3 Nf5 (
40... h4) 41. Ne2 {Weiß möchte endlich den Nf5 mit e3-e4 verjagen und nimmt
die Felder des Springers (d4 und g3) unter Kontrolle.} Ng7 42. Kc3 Ne8 43. R3d2
Kd7 44. a5 Nc6 {[%cal Gc6b4,Gc6a5]} (44... Kc7) 45. Bxc6+ Kxc6 $11 {Weiß hat
Raumvorteil, aber Schwarz steht sehr solide. Schwarz möchte jetzt 46...d5
durchsetzen.} 46. e4 f5 $1 47. exf5 exf5 (47... gxf5 $11 {[%cal Ge8g7]}) 48.
Ng1 {[%cal Gg1f3,Gf3h4,Gh4g6]} Nc7 {[%cal Gc7e6,Ge6d4,Ge6f4]} 49. Nf3 Ne6 50.
Nh4 Nxf4 (50... Nd4 $5 {[%cal Rb8b3,Rb3c3]} 51. b4 (51. Rxd4 cxd4+ 52. Rxd4 Re8
$15) 51... Re8 {[%cal Re8e3,Re3c3]} (51... Rxb4 $4 52. Rxd4 $18) 52. Nxg6 Re3+
53. Rd3 cxb4+ 54. Kd2 $13 (54. Kxd4 $4 Re4#)) 51. Rf1 Ne6 (51... Nxh3 52. Rg2 {
[%csl Rh3][%cal Rf1f3,Rf3h3]} Rb7 (52... Rd7 {[%cal Rd7b7,Rb8b3]}) 53. Rf3 Rdb8
54. Kc2 Nf4 55. Rxf4 Rxb3 56. Rd2 $14) 52. Nxg6 Nxg5 {[%cal Rg5e4,Re4c3,Re4d2]}
(52... Nd4 53. b4 (53. Rxd4 cxd4+ 54. Kxd4 Rxb3 $15) 53... Re8 $13) 53. Rg2 {
Weiß hat einen Bauern weniger, aber der Pf5 ist nicht zu verteidigen.} Ne4+ 54.
Kc2 Rd7 (54... Rb7) 55. Rxf5 Rdb7 56. Rf3 Re8 57. Re3 Nf6 $6 (57... Rf7 $11)
58. Rxe8 Nxe8 59. Nf4 $14 {[%csl Yd5][%cal Rf4h5,Gf4d5] Weiß steht dank des
besseren Figurenspiels etwas aktiver.} Nf6 60. Rg6 Ne4 (60... Rf7 61. Ne6 {
[%cal Re6d8,Rd8c6,Rd8f7]} Kd7 62. Ng5 Rf8 63. Rg7+ Kc6 64. Ra7 $16) 61. Re6 (
61. Nxh5 $5 Rf7 (61... Rh7 62. Nf4 $16) 62. Ng3 Nxg3 63. Rxg3 Rf2+ 64. Kd3 $16)
61... Ng5 62. Rf6 Re7 (62... h4 $5) 63. Rf8 Kb7 (63... Ne6 $5 64. Nxe6 Rxe6 65.
Rh8 Re5 66. Kd3 $14) 64. h4 Ne6 65. Nxe6 Rxe6 {[%mdl 4096]} 66. Rf7+ Kb8 (66...
Kc6 67. Rh7 (67. Ra7 Re4 68. Rxa6+ Kc7 69. Ra7+ Kc6 $11) 67... Re5 68. Kd3 $22
Rf5 (68... d5 69. Ra7 $16) 69. Ke4 Re5+ 70. Kf4 $16) 67. Rf5 Rh6 {[%csl Rb8,
Rh6] Beide schwarzen Figuren stehen passiv.} 68. Kd3 {[%csl Gd3,Gf5]} Kc7 69.
Rf7+ Kc6 (69... Kb8 70. Ke4 $16 {[%cal Ge4d5,Gd5c6]}) 70. Ra7 $16 {Auf diese
Weise gewinnt Weiß einen Bauern.} Re6 71. Rxa6+ Kb7 72. Rb6+ Ka7 (72... Kc7 73.
b4 cxb4 74. Rxb4 $16 {[%csl Ga5]}) 73. b4 $1 cxb4 74. c5 {[%cal Gb6e6]} b3 75.
cxd6 (75. Rxd6 b2 76. Kc2 (76. Rb6 Rc6 $1 77. Rxb2 Rxc5 78. Rg2 Rxa5 79. Rg5
Kb6 80. Rxa5 Kxa5 81. Ke4 Kb6 82. Kf5 Kc7 83. Kg5 Kd8 84. Kxh5 Ke8 $11) 76...
Re5 $11) 75... b2 76. d7 (76. Kc2 Re5) 76... Rd6+ 77. Ke4 Rxd7 78. Rxb2 Rg7 (
78... Ka6 79. Kf5 Rg7 80. Rb6+ Kxa5 81. Rh6 $18) 79. Rf2 Ka6 80. Ke5 Kxa5 81.
Kf6 Rg4 82. Rf5+ Kb6 83. Rxh5 $18 {Gewöhnlich kann man in einem Turmendspiel
mit einem Minusbauern das Remis halten, aber hier ist der schwarze König zu
weit vom Königsflügel entfernt.} Kc6 84. Rh8 Kd7 85. h5 Rg2 (85... Rf4+ 86. Kg5
Rf1 87. h6 Rg1+ 88. Kf4 Ke7 89. h7 Kf7 (89... Rg7 90. Ra8 $18 {[%cal Ra8a7,
Ra7h7]}) 90. Ra8 $18) 86. h6 Rf2+ 87. Kg5 Rg2+ 88. Kf4 Rf2+ 89. Ke3 Rf7 90. h7
{Droht das bekannte geometrische Motiv - 91.Ra7 - mit sofortigem Gewinn.} Re7+
91. Kf4 Ke6 92. Kg5 Ke5 93. Kh5 $22 (93. Kh5 Ke4 94. Kg6 Re6+ 95. Kf7 Rh6 96.
Kg7 $18) 1-0

[Event "Linares Anibal op 04th"]
[Site "Linares"]
[Date "1997.??.??"]
[Round "6"]
[White "Filippov, Valerij"]
[Black "Khalifman, Alexander"]
[Result "0-1"]
[WhiteElo "2510"]
[BlackElo "2650"]
[Annotator "Ribli,Z"]
[PlyCount "76"]
[EventDate "1997.02.??"]
[EventType "swiss"]
[EventRounds "10"]
[EventCountry "ESP"]
[SourceTitle "CBM 058"]
[Source "ChessBase"]
[SourceDate "1997.06.01"]
[SourceVersion "1"]
[SourceVersionDate "1997.06.01"]
[SourceQuality "1"]

1. Nf3 c5 2. c4 Nc6 3. d4 cxd4 4. Nxd4 Nf6 5. Nc3 e6 6. g3 Qb6 7. Nb3 Ne5 8. e4
Bb4 9. Qe2 d6 10. f4 Nc6 11. Be3 Bxc3+ 12. bxc3 Qc7 {Meiner Meinung nach
bietet diese ganze Variante Schwarz gute Möglichkeiten. Weiß hat immer
Probleme mit seiner Bauernstruktur, und das weiße Läuferpaar ist ohne große
Bedeutung, da Schwarz nach b6/Bb7 auch seine Chancen auf den weißen Feldern
hat. Ich möchte noch anmerken, daß Schwarz mit dieser Variante in der
Turnierpraxis einen guten Score erzielt hat.Ribli.} 13. Bg2 O-O 14. c5 dxc5 $5
{Heutzutage ist diese Antwort in Mode, aber das alte 14...d5 ist auch spielbar.
Ribli.} 15. Bxc5 Rd8 16. e5 Na5 17. Bb4 (17. Qb5 Nxb3 18. axb3 Bd7 19. Qc4 b5
20. Qd4 Bc6 $15 {Smejkal,J-Lau,R/Porz/1992/}) (17. Bd4 Nxb3 18. axb3 Rxd4 19.
cxd4 Qc3+ 20. Kf2 Qxd4+ 21. Kf3 Qc3+ $11) (17. exf6 Nxb3 18. axb3 Qxc5 19. Qe5
Qb6 20. Qg5 Qe3+ $11 {Uhlmann,W-Van der Wiel,J/Baden-Baden-B/1992/}) 17... Nxb3
18. axb3 Nd5 19. Bxd5 exd5 20. Qe3 {Weiß verhindert den möglichen Durchbruch
d5-d4.Ribli.} Bf5 $1 $146 (20... b6 21. O-O Bf5 22. Rf2 a5 23. Bd6 Qc6 24. Rc1
a4 25. bxa4 Rxa4 26. Bb4 h5 $36 {Casafus,R-Bellon Lopez,J/Buenos Aires/1994/})
21. Bc5 (21. Rxa7 $2 d4 $19) (21. Bd6 Qc6 22. Qd4) 21... b6 22. Bd4 Qd7 $1 {
[%cal Yf5e4,Yd7h3,Yh7h4,Ya8c8,Yc8c6,Yc6g6] Schwarz bereitet die spätere
Dameneindringung am Königsflügel vor.Ribli.} 23. O-O Rac8 {In dieser Partie
demonstriert Khalifman,wie gefährlich ungleichfarbige Läufer auf dem Brett
sind. Im Endspiel gibt es eine große Remisbreite mit diesen Läufern, aber im
Mittelspiel ist es vorteilhaft für die angreifende Seite. Ribli.} 24. Rf2 Be4
25. Qe2 Rc6 26. Qb5 $6 {Meiner Meinung nach ein pseudoaktiver Zug. Der weiße
Angriff hat keinen Zielpunkt am Damenflügel.Ribli.} (26. Kf1 {[%cal Yf1e1,
Ye1d2] /\ 27.Ke1 28.Kd2 wäre besser, weil Weiß am Königsflügel keine Ruhe
findet.Ribli.}) 26... Rdc8 27. Ra6 h5 $1 {Schwarz hat einen klaren Plan: mit
h5-h4 wird die Linie geöffnet, um mit der Q und dem Rc6 den entscheidenden
Angriff zu führen.Ribli.} 28. Qf1 (28. h4 Qh3 $1 $19 {[%csl Rg2,Rg3,Rh1]})
28... h4 29. f5 {Weiß versucht, im Trüben zu fischen, denn nach den "normalen"
Zügen hat er keine Hoffnung. In der Partie bekommt er etwas Aktivität, aber
schließlich fällt die weiße Königsstellung auseinander.Ribli.} (29. gxh4 $2
Rg6+ $19) 29... hxg3 30. Rf4 {Mit diesem Zug bekommt Weiß etwas Aktivität für
den Bauern.Ribli.} (30. hxg3 Rh6 31. Rh2 Rxh2 32. Kxh2 Bxf5 $17) 30... gxh2+
31. Kxh2 Rh6+ 32. Kg3 Rh5 {[%csl Rf5]} 33. e6 (33. f6 Rg5+ 34. Kf2 Rg2+ 35. Ke1
Qh3 $19) 33... fxe6 34. f6 Qf7 {Weiß hat zum ersten Mal in dieser Partie eine
etwas offensive Stellung erreicht, aber das ist auch schon das Maximum an
möglicher Aktivität gewesen - sein Angriff ist gescheitert.Ribli.} 35. Rg4 {[#]
} Rxc3+ $3 $19 {Ein schönes und unerwartetes Motiv, nach dem Schwarz auf
Gewinn steht.Ribli.} 36. Bxc3 Qc7+ 37. Rf4 (37. Qf4 Qxc3+ 38. Kf2 Qc2+ 39. Ke1
(39. Kg1 Rh1#) (39. Ke3 Rh3+ 40. Kd4 (40. Rg3 Qc1+ $19) 40... Qc3#) 39... Rh1+
$19) 37... Qxc3+ 38. Kg4 Qe5 {[%cal Re5g5] Und Weiß ist hilflos gegen die
vielseitigen Drohungen.Ribli.} 0-1

[Event "Linares Anibal op 04th"]
[Site "Linares"]
[Date "1997.??.??"]
[Round "2"]
[White "Cifuentes Parada, Roberto"]
[Black "Shevelev, Arkady"]
[Result "1/2-1/2"]
[WhiteElo "2515"]
[BlackElo "2415"]
[Annotator "Ribli,Z"]
[PlyCount "62"]
[EventDate "1997.02.??"]
[EventType "swiss"]
[EventRounds "10"]
[EventCountry "ESP"]
[SourceTitle "CBM 058"]
[Source "ChessBase"]
[SourceDate "1997.06.01"]
[SourceVersion "1"]
[SourceVersionDate "1997.06.01"]
[SourceQuality "1"]

1. c4 c5 2. Nf3 Nf6 3. Nc3 Nc6 4. d4 cxd4 5. Nxd4 e6 6. g3 Qb6 7. Nb3 (7. Ndb5
$5) 7... d5 {Eine heutzutage selten angewandte Fortsetzung.Nach diesem Zug hat
Schwarz einen isolierten Pd5, und Weiß bekommt - ohne Risiko - bessere
Aussichten.Ribli.} (7... Ne5 $5) 8. cxd5 Nxd5 9. Nxd5 exd5 10. Bg2 (10. Qxd5 $2
Be6 $44 {[%cal Ye6b3,Yf8b4,Ya8d8,Yc6b4,Yc6d4] Wäre sehr gefährlich für Weiß,
denn Schwarz käme zu schneller Entwicklung und einfachem Spiel.Ribli.}) 10...
Bb4+ 11. Bd2 Bg4 12. O-O (12. Bxb4 $5 Qxb4+ 13. Qd2 Qxd2+ 14. Kxd2 O-O-O 15. h3
Bh5 16. Rac1 Kb8 17. Nc5 $14 {[%csl Rb7,Gc5,Rd5] Smyslov,V-Olafsson,H/
Kobenhavn/1985/}) 12... O-O (12... Rd8 13. Bxb4 Qxb4 14. Qc2 O-O 15. Rfd1 $14 {
[%csl Rd5][%cal Rg2d5,Rd1d5] Smejkal,J-Cebalo,M/Marseille/1986/}) 13. h3 Bh5 (
13... Be6 14. Be3 Qd8 15. Rc1 Re8 16. Nd4 Nxd4 17. Qxd4 Be7 18. Rfd1 Qa5 $13 {
[%cal Ye7f6] Li Zunian-Van der Wiel,J/Biel izt/1985/ Und Schwarz hat auch
seine Chancen mit Bf6.Ribli.}) 14. Bxb4 Nxb4 (14... Qxb4 15. g4 (15. Qxd5 Bxe2)
15... Bg6 16. Qxd5 $14) 15. Nd4 (15. a3 Nc6 16. Qxd5 (16. g4 Bg6 17. Bxd5 (17.
Qxd5 Rfd8 $44 (17... Bc2 $44)) 17... Rfd8 $17) 16... Bxe2 $132) 15... Nc6 16.
Nxc6 bxc6 {Wenn wir allein auf die Bauernstruktur achten, so hat Weiß zwei
Inseln, während Schwarz drei hat. Aber es gibt noch andere Faktoren: Die
schwarze Dame und der Läufer stehen aktiv und die weißen Pb2 und Pe2 sind
schwach.Ribli.} 17. Qd2 Rab8 18. b3 Rfe8 19. e3 (19. g4 Bg6 20. Rac1) 19...
Rbd8 20. b4 (20. Rac1 d4 $5 (20... c5 21. Bxd5 $4 Bf3) 21. Rxc6 (21. e4 c5 (
21... d3 22. g4 Bg6 23. Rfe1 Rd4 $13)) 21... dxe3 $11) 20... d4 21. e4 c5 22.
bxc5 Qxc5 23. Rac1 Qa3 24. Rfe1 f6 $5 {[%csl Ra2][%cal Yh5f7,Yf7a2,Ya3a2] Mit
diesem Zug bekommt der Bh5 eine neue Zukunft auf der Diagonalen a2-g8.Ribli.}
25. Rc4 d3 26. Re3 Bf7 27. Rc3 Qxa2 28. Qxa2 Bxa2 29. Rexd3 Rxd3 30. Rxd3 $11 {
Schwarz steht - nur - theoretisch besser, dank seines Freibauern auf a7, aber
in Wirklichkeit kann Weiß das Gleichgewicht halten. Ich möchte anmerken, daß
Weiß ohne Pa7 natürlich besser steht, aber das ist schließlich auch Remis.
Ribli,} Bb1 31. Ra3 Bxe4 (31... Re7 32. f4 {Und Weiß spielt 33.Kf2, mit
gleichen Aussichten.Ribli.}) 1/2-1/2

[Event "Moscow Alekhine op"]
[Site "Moscow"]
[Date "1992.??.??"]
[Round "?"]
[White "Novik, Maxim"]
[Black "Dvoirys, Semen I"]
[Result "1/2-1/2"]
[WhiteElo "2430"]
[BlackElo "2570"]
[Annotator "Ribli,Z"]
[PlyCount "70"]
[EventDate "1992.10.??"]
[EventType "swiss"]
[EventRounds "9"]
[EventCountry "RUS"]
[SourceTitle "CBM 033"]
[Source "ChessBase"]
[SourceDate "1993.04.01"]
[SourceVersion "1"]
[SourceVersionDate "1993.04.01"]
[SourceQuality "1"]

1. Nf3 Nf6 2. c4 c5 3. Nc3 Nc6 4. d4 cxd4 5. Nxd4 e6 6. g3 Qb6 7. Nb3 Ne5 8. e4
Bb4 9. Qe2 d6 10. f4 Nc6 11. Be3 Qc7 12. Bg2 e5 (12... Bxc3+ 13. bxc3 e5 14. c5
dxc5 15. Bxc5 $14 {Smejkal,J-Gdanski,J Polanica Zdroj 1991 CBM/26}) 13. Rc1 $1
(13. f5 Bxc3+ 14. bxc3 b6 $13) 13... exf4 14. gxf4 Qe7 (14... O-O 15. O-O Bxc3
16. Rxc3 $14) 15. Bd2 Na5 (15... O-O 16. Nd5 Bxd2+ 17. Nxd2 Nxd5 18. cxd5 $14)
16. Nxa5 Bxa5 17. c5 $1 O-O (17... Bxc3 $5 18. Bxc3 dxc5 19. Bxf6 (19. e5 $5
$44) 19... Qxf6 20. Qb5+ Bd7 21. Qxb7 Qxf4 22. Qxa8+ Ke7 23. Qxh8 Qe3+ 24. Kd1
Qd3+ 25. Ke1 Qe3+ $10) 18. cxd6 Qxd6 19. e5 Qd8 20. exf6 Re8 21. Ne4 (21. Be3
Bg4 $1 $44) 21... Bf5 22. Bxa5 Qxa5+ 23. Kf2 Qb6+ 24. Kg3 (24. Qe3 $5 Qxb2+ (
24... Qxe3+ $2 25. Kxe3 gxf6 26. Rc5 $18) 25. Kg3 $16) 24... gxf6 {/\ Lxe4, f5}
25. Rc4 Kh8 26. h3 Be6 $1 27. Rc5 Rg8+ 28. Kh2 f5 29. Rb5 (29. Qc2 fxe4 30.
Qc3+ Rg7 31. Rg5 Rag8 $13) 29... Qc7 $1 30. Ng3 Rxg3 $1 31. Kxg3 Rg8+ 32. Kh2
Qxf4+ 33. Kg1 Qd4+ 34. Kh2 Qf4+ 35. Kg1 Qd4+ 1/2-1/2

[Event "Interpolis"]
[Site "Tilburg"]
[Date "1992.10.09"]
[Round "1.2"]
[White "Wojtkiewicz, Aleksander"]
[Black "Eingorn, Vereslav S"]
[Result "1/2-1/2"]
[WhiteElo "2530"]
[BlackElo "2590"]
[Annotator "Ribli,Z"]
[PlyCount "65"]
[EventDate "1992.10.08"]
[EventType "k.o."]
[EventRounds "7"]
[EventCountry "NED"]
[SourceTitle "CBM 032"]
[Source "ChessBase"]
[SourceDate "1993.02.01"]
[SourceVersion "1"]
[SourceVersionDate "1993.02.01"]
[SourceQuality "1"]

1. Nf3 c5 2. c4 Nc6 3. d4 cxd4 4. Nxd4 e6 5. Nc3 Nf6 6. Ndb5 d5 7. Bf4 e5 8.
cxd5 exf4 9. dxc6 bxc6 10. Qxd8+ Kxd8 11. Rd1+ Bd7 12. Nd6 Bxd6 (12... Kc7 13.
Nxf7 Rg8 14. Ne5 Rb8 15. Nxd7 Nxd7 16. g3 Rxb2 17. Bh3 Nc5 18. Rd2 Rxd2 19.
Kxd2 Bd6 20. Rc1 Rd8 $10 {Georgiev,Kir-de Firmian,N Reggio Emilia 1989/90 49/51
}) 13. Rxd6 Rb8 14. Rd2 Ke7 (14... Re8 15. g3 f3 16. Kd1 fxe2+ 17. Bxe2 Kc7 18.
Bc4 Be6 $10 {Knezevic,M-Smejkal,J Bahrein 1990 CBM/20}) 15. g3 fxg3 16. hxg3
Rb4 17. Bg2 c5 18. Nd5+ Nxd5 19. Bxd5 Bf5 20. f3 h6 21. e4 Be6 22. Bxe6 fxe6
23. Ke2 Rhb8 24. b3 c4 $1 25. Rc1 cxb3 26. Rc7+ Kf6 27. axb3 R8b7 28. Rdd7 Rxc7
29. Rxc7 Rxb3 30. Rxa7 g6 31. Kf2 Rb2+ 32. Ke3 h5 33. f4 1/2-1/2